Control of environmental variables on species density in fens and meadows: importance of direct effects and effects through community biomass (Registro nro. 11974)

Detalles MARC
000 -CABECERA
Campo de control 008570000a22002650004500
005 - FECHA Y HORA DE LA ULTIMA TRANSACCION
Campo de control 20180803165833.0
008 - ELEMENTOS DE LONGITUD FIJA—INFORMACION GENERAL
Campo de control 160517b xxu||||| |||| 00| 0 spa d
040 ## - FUENTE DE CATALOGACIÓN
Agencia catalogadora original CO-BoIAVH
Agencia transcriptora CO-BoIAVH
041 0# - IDIOMA
Código de idioma para texto/pista de sonido o título separado Español
090 ## - CLASIFICACIÓN LOCAL
Colección AR
Consecutivo 02914
100 1# - ASIENTO PRINCIPAL--NOMBRE PERSONAL
Nombre personal Older Venterink, H.
245 10 - MENCION DE TITULO
Título Control of environmental variables on species density in fens and meadows: importance of direct effects and effects through community biomass
260 ## - PUBLICACION, DISTRIBUCION, ETC. (PIE DE IMPRENTA)
Lugar de publicación, distribución, etc. :
Nombre del editor, distribuidor, etc. ,
Fecha de publicación, distribución, etc. .
300 ## - DESCRIPCION FISICA
Extensión -
650 14 - ASIENTO SECUNDARIO DE MATERIA - TERMINO TEMATICO
Término temático o nombre geográfico como elemento de entrada Hidrología
650 14 - ASIENTO SECUNDARIO DE MATERIA - TERMINO TEMATICO
Término temático o nombre geográfico como elemento de entrada Riqueza de especies
650 14 - ASIENTO SECUNDARIO DE MATERIA - TERMINO TEMATICO
Término temático o nombre geográfico como elemento de entrada Productividad primaria
650 14 - ASIENTO SECUNDARIO DE MATERIA - TERMINO TEMATICO
Término temático o nombre geográfico como elemento de entrada Vegetación
650 14 - ASIENTO SECUNDARIO DE MATERIA - TERMINO TEMATICO
Término temático o nombre geográfico como elemento de entrada Ecología
700 1# - ASIENTO SECUNDARIO - NOMBRE PERSONAL
Nombre personal Wassen, M. J.
700 1# - ASIENTO SECUNDARIO - NOMBRE PERSONAL
Nombre personal Belgers, J. D, M.
700 1# - ASIENTO SECUNDARIO - NOMBRE PERSONAL
Nombre personal Verhoeven, J. T. A.
773 1# - Item fuente:
Título Journal of Ecology
Especificación de materiales 249
Paginas del Articulo 1033-1040
942 ## - ELEMENTOS ADICIONALES (KOHA)
Tipo de ítem Artículo
Sistema de clasificación Dewey Decimal Classification
Existencias
Withdrawn status Lost status Damaged status No para préstamo Colección Ubicación Permanente Ubicación actual Fecha de adquisición Fuente de Valor Datos de publicación Seriada Total Checkouts Número topográfico Inventario / Código de Barras Date last seen Ejemplar Price effective from Forma de adquisición Tipo de material
      No para Préstamo Hemeroteca Bogotá Bogotá 27/02/2015 Instituto de Ciencias Naturales Fuera de circulación   AR 02914 013323 25/03/2015 1 25/03/2015   Artículo